Estatísticas para Países Mais Próximos de Portugal

Clique aqui para jogar o quiz

Estatísticas Gerais

  • Esse quiz foi jogado 7 191 vezes
  • A pontuação média é 15 de 20

Estatísticas das Respostas

kmpaísmilhas% Correto
0Espanha0
99%
412França256
98%
1203Itália748
96%
1278Alemanha794
93%
879Reino Unido546
90%
202Marrocos125
87%
1211Bélgica752
85%
1097Suíça682
84%
1284Países Baixos798
83%
1036Irlanda644
81%
637Andorra396
74%
520Argélia323
73%
1276Luxemburgo793
73%
1395Áustria867
69%
1138Mônaco707
67%
1347Tunísia837
66%
1539San Marino957
55%
1385Liechtenstein861
49%
978Mauritânia608
42%
1306Mali812
37%

Distribuição das Pontuações

Percentil de Números Respondidos

Porcentagem de Pessoas com Cada Pontuação

Sua Pontuação Histórica

Você não jogou esse quiz